LEADER 01554nam 2200349Ia 450 001 996395451603316 005 20221108034712.0 035 $a(CKB)4330000000321473 035 $a(EEBO)2248508591 035 $a(OCoLC)09318170 035 $a(EXLCZ)994330000000321473 100 $a19830317d1652 uy | 101 0 $aeng 135 $aurbn||||a|bb| 200 12$aA cordial for a fainting soule, or, Some essaies for the satisfaction of doubting wounded Christians labouring under severall burdens$b[electronic resource] $eespecially such as arise in Christians spirits from a mistake of the grounds of faith ... : in which severall doubts, most ordinary to Christians in the beginning of their conversion releved ... : being the sum of fourteen sermons ... : with three several tables annexed /$fby John Collinges 210 $aLondon $cPrinted for Richard Tomlins$d1652 215 $a[30], 230, [9] p 300 $aIncludes bibliograhical references and index. 300 $aReproduction of original in the Union Theological Seminary Library, New York. 330 $aeebo-0160 606 $aSermons, English$y17th century 606 $aFaith$vSermons 615 0$aSermons, English 615 0$aFaith 700 $aCollinges$b John$f1623-1690.$01001845 801 0$bEEU 801 1$bEEU 801 2$bWaOLN 906 $aBOOK 912 $a996395451603316 996 $aA cordial for a fainting soule, or, Some essaies for the satisfaction of doubting wounded Christians labouring under severall burdens$92338601 997 $aUNISA LEADER 00774nam0-22003011i-450 001 990001705390403321 005 20251107170706.0 035 $a000170539 035 $aFED01000170539 035 $a(Aleph)000170539FED01 100 $a20251107d1926----km-y0itay50------ba 101 0 $aita 102 $aIT 105 $af 001yy 200 1 $a<>castagno$fC. Remondino 210 $aTorino$cParavia$d1926 215 $a178 p., 16 tav.$d19 cm 610 0 $aCastanea 676 $a634.53 700 1$aRemondino,$bC.$0354834 801 0$aIT$bUNINA$gRICA$2UNIMARC 901 $aBK 912 $a990001705390403321 952 $a60 634.53 C 1$b39908$fFAGBC 952 $aE ARB 237$b03/4722/25$fFAGBC 959 $aFAGBC 996 $aCastagno$9361960 997 $aUNINA